000 00471cam a2200169ua 4500
020 _c4.00
041 _amal
_h
082 _a954.83
_bBRA/KH
100 _aBrahmadathan Namboodiri, Muzhikkunnath .
245 _aKhilaphat smaranakal /
_cMuzhikkunnath Brahmadathan Namboodiri.
_hTextual Documents
260 _aCalicut :
_bNavakerala Co-operative publishing ,
_c1965.
300 _a259 ; .
365 _a4.00
504 _a
942 _cBK
999 _c5230
_d5230